000 01489nam a2200265Ia 4500
001 17692
003 GE_BSU
008 181216s||||||||xx |||||||||||||| ||und||
020 _a9789941455759
040 _cGE_BSU
080 _a581.526(075.8)+630
100 _aტყავაძე,მ., კილაძე,რ.,გუბელაძე,ე.
245 _aდეკორაციული დენდროლოგია. წ.2. ნაწ.1
245 _b(ფარულთესლოვან მერქნიან მცენარეთა სისტემატიკა და დახასიათება)
245 _cრედ.მ.კურდღელია., მხარვ.-გამფორმებ. ა.ყუფარაძე
260 _aქუთაისი
260 _bაკაკი წერეთლის სახ. უნ-ტი
260 _c2014
300 _a256გვ.28სმ.
300 _eმცენარ.ქართ.სახელწ. საძიებ.:გვ.241-243. მცენარ ლათინ.სახელწ. საძიებ.:გვ.244-246. ბიბლიოგრ.247-248
653 _aბოტანიკა
653 _aდეკორაციული დენდროლოგია
653 _aფარულთესლოვან მერქნიან მცენარეთა სისტემატიკა და დახასიათება
942 _cBK
999 _c50740
_d50740